<?xml version="1.0" encoding="UTF-8"?><marc:collection xmlns:marc="http://www.loc.gov/MARC21/slim">
  <marc:record>
    <marc:leader>00000nas  2200000za 4500</marc:leader>
    <marc:controlfield tag="001">9.502593</marc:controlfield>
    <marc:controlfield tag="003">CaOODSP</marc:controlfield>
    <marc:controlfield tag="005">20221107133128</marc:controlfield>
    <marc:controlfield tag="007">cr |||||||||||</marc:controlfield>
    <marc:controlfield tag="008">150406d20042016qucar p o    f0   b0fre|d</marc:controlfield>
    <marc:datafield tag="020" ind1=" " ind2=" ">
      <marc:subfield code="z">978-0-662-09846-1</marc:subfield>
      <marc:subfield code="z">978-0-662-04291-4</marc:subfield>
      <marc:subfield code="z">978-1-100-91914-0</marc:subfield>
    </marc:datafield>
    <marc:datafield tag="022" ind1=" " ind2=" ">
      <marc:subfield code="a">1927-2464</marc:subfield>
    </marc:datafield>
    <marc:datafield tag="040" ind1=" " ind2=" ">
      <marc:subfield code="a">CaOODSP</marc:subfield>
      <marc:subfield code="b">fre</marc:subfield>
    </marc:datafield>
    <marc:datafield tag="043" ind1=" " ind2=" ">
      <marc:subfield code="a">n-cn---</marc:subfield>
    </marc:datafield>
    <marc:datafield tag="086" ind1="1" ind2=" ">
      <marc:subfield code="a">En81-10F-PDF</marc:subfield>
      <marc:subfield code="z">En81-10/2005F-PDF</marc:subfield>
      <marc:subfield code="z">En81-10/2006F-PDF</marc:subfield>
      <marc:subfield code="z">En81-10/2007F-PDF</marc:subfield>
    </marc:datafield>
    <marc:datafield tag="245" ind1="0" ind2="0">
      <marc:subfield code="a">Rendement des émissions moyennes de NOx du parc de véhicules légers, de camionnettes et de véhicules moyens à passagers pour l'année modèle ... </marc:subfield>
      <marc:subfield code="h">[ressource électronique] : </marc:subfield>
      <marc:subfield code="b">par rapport au Règlement sur les émissions des véhicules routiers et de leurs moteurs en vertu de la Loi canadienne sur la protection de l'environnement (1999).</marc:subfield>
    </marc:datafield>
    <marc:datafield tag="260" ind1=" " ind2=" ">
      <marc:subfield code="a">[Gatineau, Québec] : </marc:subfield>
      <marc:subfield code="b">Environnement Canada,  </marc:subfield>
      <marc:subfield code="c">2006-2018.</marc:subfield>
    </marc:datafield>
    <marc:datafield tag="310" ind1=" " ind2=" ">
      <marc:subfield code="a">Annuel</marc:subfield>
    </marc:datafield>
    <marc:datafield tag="362" ind1="0" ind2=" ">
      <marc:subfield code="a">2004-2016.</marc:subfield>
    </marc:datafield>
    <marc:datafield tag="500" ind1=" " ind2=" ">
      <marc:subfield code="a">Publ. aussi en anglais sous le titre : Fleet average NOx emission performance of ... model year light-duty vehicles, light-Duty trucks and medium-duty passenger vehicles - in relation to the On-Road Vehicle and Engine Emission Regulations under the Canadian Environmental Protection Act, 1999.</marc:subfield>
    </marc:datafield>
    <marc:datafield tag="588" ind1=" " ind2=" ">
      <marc:subfield code="a">Description d'après : 2004.</marc:subfield>
    </marc:datafield>
    <marc:datafield tag="588" ind1=" " ind2=" ">
      <marc:subfield code="a">Dernière livraison consultée : 2016.</marc:subfield>
    </marc:datafield>
    <marc:datafield tag="692" ind1="0" ind2="7">
      <marc:subfield code="2">gccst</marc:subfield>
      <marc:subfield code="a">Technologie antipollution</marc:subfield>
    </marc:datafield>
    <marc:datafield tag="692" ind1="0" ind2="7">
      <marc:subfield code="2">gccst</marc:subfield>
      <marc:subfield code="a">Véhicule automobile</marc:subfield>
    </marc:datafield>
    <marc:datafield tag="710" ind1="1" ind2=" ">
      <marc:subfield code="a">Canada.</marc:subfield>
      <marc:subfield code="b">Environnement Canada. </marc:subfield>
      <marc:subfield code="b">Division du transport.</marc:subfield>
    </marc:datafield>
    <marc:datafield tag="775" ind1="0" ind2="8">
      <marc:subfield code="t">Fleet average NOx emission performance of ... model year light-duty vehicles, light-Duty trucks and medium-duty passenger vehicles </marc:subfield>
      <marc:subfield code="w">(CaOODSP)9.506195</marc:subfield>
    </marc:datafield>
    <marc:datafield tag="785" ind1="0" ind2="0">
      <marc:subfield code="t">Rendement des émissions de polluants atmosphériques du parc de véhicules routiers de l'année de modèle … :  </marc:subfield>
      <marc:subfield code="w">(CaOODSP)9.889960</marc:subfield>
    </marc:datafield>
  </marc:record>
</marc:collection>
